Príčiny finančnej a dlhovej krízy v USA a v EÚ

Dôvody vzniku finančnej a dlhovej krízy. Nezdravé trendy v niektorých ekonomických indikátoroch. Liberalizácia americkej ekonomiky. Narastanie hypotekárnych úverov. Nízke úrokové sadzby. Zlyhanie politických elít. Zlyhanie regulátora a manažmentu bánk.

Salvato in:
Dettagli Bibliografici
Autore principale: Dziurová, Valéria, 1986-
Altri autori: Assad, Ali
Natura: Capitolo di libro
Lingua:slovacco
Soggetti:
Tags: Aggiungi Tag
Nessun Tag, puoi essere il primo ad aggiungerne!!

MARC

LEADER 00000nla a2200000 4500
001 0237552
005 20240604111331.4
041 0 |a slo 
044 |a SK 
245 1 0 |a Príčiny finančnej a dlhovej krízy v USA a v EÚ  |c Valéria Dziurová, Ali Assad 
520 |a Dôvody vzniku finančnej a dlhovej krízy. Nezdravé trendy v niektorých ekonomických indikátoroch. Liberalizácia americkej ekonomiky. Narastanie hypotekárnych úverov. Nízke úrokové sadzby. Zlyhanie politických elít. Zlyhanie regulátora a manažmentu bánk. 
610 2 0 |a kríza finančná 
610 2 0 |a dlhy 
610 2 0 |a úver hypotekárny 
610 2 0 |a úrok 
610 2 0 |a sadzby úrokové 
610 2 0 |a banky centrálne 
610 2 0 |a USA 
610 2 0 |a Európska únia 
100 1 |a Dziurová, Valéria, 1986- 
700 1 |a Assad, Ali